Statistics for Flags of the Countries that Start with P

Click here to take the quiz!

General Stats

  • This quiz has been taken 914 times
  • The average score is 8 of 9

Answer Stats

Answer % Correct
Poland
98%
Pakistan
96%
Portugal
94%
Panama
91%
Philippines
86%
Peru
86%
Palau
85%
Papua New Guinea
81%
Paraguay
81%

Score Distribution

Percentile by Number Answered

Percent of People with Each Score

Your Score History

You have not taken this quiz